000 00781nam a22002297a 4500
999 _c11962
_d11962
003 AR-CdUCM
008 190405b ||||| |||| 00| 0 spa d
040 _aMUNICIPALIDAD PROVINCIAL DEL CUSCO
_cBIBLIOTECA MUNICIPAL DEL CUSCO
082 _a918.5 /
_bS57 / 1931
100 _aSievers, Wilhelm
_929598
245 _aGeografía de Bolivia y Perú /
260 _aBarcelona ;
_bLabor,
_c1931.
300 _a221, XVI páginas ;
_bIlustraciones,
_c18.5 cm.
440 _aColección labor ;
_nVII
_929599
505 _aContenido: Bolivia (república boliviana) -- Perú (república del Perú).
650 _aGeografía
_9318
650 _aBolivia
_91138
650 _aPerú
_935
700 _aSalas, Carlos de (traducción)
_929600
942 _2ddc
_cLIBROS
945 _aacv
_d05/04/2019